Capitaines des clubs de Ligue 1 (2021-2022) - Statistiques

Statistiques générales
  • Ce quiz a été pris 284 fois
  • Le résultat moyen est 10 sur 20
Statistiques - réponses
Club Joueur Nationalité % Correct
Paris Saint-Germain Marquinhos Brésilien
95%
AS Monaco Wissam Ben Yedder Français
93%
LOSC Lille José Fonte Portugais
91%
Olympique de Marseille Steeve Mandanda Français
79%
OGC Nice Dante Brésilien
77%
Stade Rennais FC Hamari Traoré Malien
77%
Angers SCO Ismaël Traoré Ivoirien
76%
Montpellier MHSC Téji Savanier Français
64%
Olympique Lyonnais Léo Dubois Français
59%
Stade de Reims Yunis Abdelhamid Marocain
48%
FC Nantes Alban Lafont Français
45%
Girondins de Bordeaux Laurent Koscielny Français
40%
RC Lens Yannick Cahuzac Français
26%
RC Strasbourg Alsace Adrien Thomasson Français
24%
FC Metz Dylan Bronn Tunisien
23%
AS Saint-Étienne Mahdi Camara Français
23%
FC Lorient Fabien Lemoine Français
22%
Stade Brestois 29 Brendan Chardonnet Français
17%
Clermont Foot 63 Jonathan Iglesias Uruguay
14%
ESTAC Troyes Jimmy Giraudon Français
3%
Aucun quiz correspondant
Distribution des résultats
% des personnes avec chaque résultat
Percentile par nombre de réponses
Votre historique - résultats
Vous n’avez pas pris ce quiz